Statystyki dla Państwa odwiedzone przez Lecha Kaczyńskiego

Kliknij tutaj aby rozwiązać quiz!

Ogólne statystyki

  • Ten quiz został rozwiązany 87 razy
  • Średni wynik to 25 z 36

Statystyki odpowiedzi

Ilość wizytPaństwo% Poprawnych
8Niemcy
100%
2Rosja*
97%
6Stany Zjednoczone
97%
9Ukraina
95%
8Czechy
94%
3Słowacja
94%
5Francja
91%
2Włochy
91%
16Litwa
90%
2Wielka Brytania
87%
1Hiszpania
86%
2Estonia
83%
3Łotwa
83%
9Belgia
82%
1Portugalia
82%
4Węgry
82%
1Japonia
79%
1Turcja
74%
3Rumunia
73%
2Chorwacja
69%
2Austria
68%
2Szwajcaria
68%
7Gruzja
67%
2Serbia
65%
1Irlandia
64%
1Bułgaria
63%
2Finlandia
63%
5Watykan
59%
1Korea Południowa
54%
2Izrael
45%
1Kazachstan
42%
2Azerbejdżan
37%
1Macedonia (Północna)**
37%
1Irak
29%
1Mongolia
18%
1Afganistan
15%

Rozkład punktacji

Percentyl według liczby udzielonych odpowiedzi

Procent ludzi z każdym wynikiem

Twoja historia wyników

Nie rozwiązałeś tego quizu